00856cam a2200241 a 450000100100000000500170001000800410002702000180006804000320008608200160011810000370013424500360017126000660020730000210027349000390029450000370033365000270037065000310039783000460042804900090047495201140048399900170059700003460320200930073806.0781018s2010 mx 000 f spa d a9789707490086 aDO-SdBNPbspacBNPHUdBNPHU axxxxbS113t1 aSábato, Ernesto,d1911-92267413aEl túnel /cErnesto Sábato. aMéxico :bEditorial Planeta Mexicana :bSeix Barral,c2010. a159 p. ;c19 cm.1 aBiblioteca Ernesto Sábato novela aDecimo cuarta reimpresión 2010 4aNovela argentina93941 4aLiteratura argentina93860 0aBiblioteca Ernesto Sábato novela960042 aBNGR 001050718MOaGRbGRcHDd2011-10-10iLF1l0oxxxx S113tp34603-10r2020-06-25w2020-06-25y1ZNo se presta c34094d34094